<?xml version="1.0" encoding="UTF-8"?>
<marc:record xmlns:marc="http://www.loc.gov/MARC21/slim">
   <marc:leader>00000nam a2200000 a 4500</marc:leader>
   <marc:datafield ind1="1" ind2=" " tag="100">
      <marc:subfield code="a">Moran, Kelly</marc:subfield>
      <marc:subfield code="4">aut</marc:subfield>
      <marc:subfield code="e">Verfasser/-in</marc:subfield>
   </marc:datafield>
   <marc:datafield ind1=" " ind2=" " tag="653">
      <marc:subfield code="a">USA</marc:subfield>
   </marc:datafield>
   <marc:datafield ind1=" " ind2=" " tag="653">
      <marc:subfield code="a">Familie</marc:subfield>
   </marc:datafield>
   <marc:datafield ind1=" " ind2=" " tag="653">
      <marc:subfield code="a">Autismus</marc:subfield>
   </marc:datafield>
   <marc:datafield ind1=" " ind2=" " tag="653">
      <marc:subfield code="a">Romanze</marc:subfield>
   </marc:datafield>
   <marc:datafield ind1="0" ind2="0" tag="245">
      <marc:subfield code="a">Redwood Love - es beginnt mit einer Nacht</marc:subfield>
   </marc:datafield>
   <marc:datafield ind1="0" ind2="0" tag="245">
      <marc:subfield code="b">Roman</marc:subfield>
   </marc:datafield>
   <marc:datafield ind1=" " ind2="1" tag="264">
      <marc:subfield code="b">Rohwolt</marc:subfield>
      <marc:subfield code="c">2018</marc:subfield>
   </marc:datafield>
   <marc:datafield ind1="1" ind2=" " tag="490">
      <marc:subfield code="a">Redwood Love</marc:subfield>
   </marc:datafield>
   <marc:datafield ind1="1" ind2=" " tag="520">
      <marc:subfield code="a">Klappentext: Tierarzt Drake OæGrady ist in Redwood aufgewachsen. Dieser kleine Ort an der Küste von Oregon ist sein Zuhause, hier hat er die schönsten, aber auch die schlimmsten Erfahrungen seines Lebens gemacht. Zoe Hornsby stand ihm dabei immer zur Seite. Sie ist die wichtigste Person in seinem Leben, auch wenn sie ihn öfter zur Weißglut bringt, als er zählen kann. Sie raubt ihm einfach den Verstand. Sodass er etwas vollkommen Verrücktes tut. Wie Zoe zu küssen ... Ein Ort zum Wohlfühlen, drei Tierärzte zum Verlieben. Der finale Band der Redwood-Love-Trilogie  Biografie Kelly Moran stammt aus den Südstaaten der USA, lebt heute aber mit ihren drei Söhnen in Wisconsin. Sie gehört der Autorenvereinigung der Romance Writers of America an und wurde schon mit diversen Awards ausgezeichnet. Ihre Trilogie «Redwood Love» ist ihre erste Veröffentlichung in Deutschland. Die Reihe wurde in den USA von Kritikern und Lesern begeistert aufgenommen.</marc:subfield>
   </marc:datafield>
   <marc:datafield ind1=" " ind2=" " tag="020">
      <marc:subfield code="a">9783499275401</marc:subfield>
      <marc:subfield code="9">9783499275401</marc:subfield>
   </marc:datafield>
</marc:record>
